Znane miejsca w różnych państwach - Statystyki

Ogólne statystyki
  • Ten quiz został rozwiązany 32 razy
  • Średni wynik to 9 z 16
Statystyki odpowiedzi
Obrazkowy Odpowiedź % Poprawnych
Stany Zjednoczone
88%
Australia
81%
Peru
81%
Chiny
73%
Japonia
73%
Francja
65%
Tanzania
62%
Turcja
62%
Wietnam
54%
Norwegia
46%
Indonezja
42%
Wenezuela
42%
Izrael | Jordania
38%
Portugalia
27%
Turkmenistan
19%
Ukraina
12%
Nie znaleziono quizów pasujących do podanych kryteriów
Rozkład punktacji
Procent ludzi z każdym wynikiem
Percentyl według liczby udzielonych odpowiedzi
Twoja historia wyników
Nie rozwiązałeś tego quizu